|
|
|
|
| LEADER |
00000nam0a2200000 4500 |
| 001 |
31801 |
| 005 |
20231030204615.0 |
| 035 |
|
|
|a (RuTPU)RU\TPU\book\32094
|
| 035 |
|
|
|a BOOK00000173
|
| 090 |
|
|
|a 31801
|
| 100 |
|
|
|a 20011210d1992 u y0rusy50 ca
|
| 101 |
1 |
|
|a rus
|
| 102 |
|
|
|a RU
|
| 105 |
|
|
|a f 000|y
|
| 200 |
1 |
|
|a Основы маркетинга для библиотекарей, архивистов и документалистов
|e В 3-х книгах: пер. с англ.
|f Р. Савар
|
| 210 |
|
|
|a Москва
|c Библиомаркет
|d 1992
|
| 215 |
|
|
|a 26 , 104 , 31 с.
|
| 300 |
|
|
|a 3 кн. в одной обложке. Пагинация раздельная
|
| 327 |
1 |
|
|a Кн. 1: Курс обучения, Кн. 2: Содержание курса, Кн. 3: Приложения.
|
| 610 |
1 |
|
|a библиотечное дело
|
| 610 |
1 |
|
|a маркетинг библиотечный
|
| 610 |
1 |
|
|a обучение
|
| 610 |
1 |
|
|a информационное обслуживание
|
| 610 |
1 |
|
|a архивисты
|
| 610 |
1 |
|
|a документалисты
|
| 610 |
1 |
|
|a библиотекари
|
| 686 |
|
|
|a Ч737
|v LBC/SL-A
|2 rubbk
|
| 700 |
|
1 |
|a Савар
|g Режан
|
| 801 |
|
0 |
|a RU
|b 63413507
|c 20011210
|g PSBO
|
| 801 |
|
2 |
|a RU
|b 63413507
|c 20170529
|g RCR
|
| 942 |
|
|
|c BK
|